| 000 | 00448nam a2200157 i 4500 | ||
|---|---|---|---|
| 001 | 43741 | ||
| 003 | ES-MaACL | ||
| 005 | 20230906160852.0 | ||
| 007 | t| | ||
| 008 | 030318s1931 fr ||||1| fre d | ||
| 100 | 1 |
_aCaullery, Maurice. _937112 |
|
| 245 | 1 | 3 |
_aLe problème de l'evolution / _cMaurice Caullery. |
| 260 |
_aParis : _b[s.n., _c1931] ( _eAbbeville : _fImprimerie F. Paillart) |
||
| 300 |
_a447 p. ; _c23 cm. |
||
| 852 |
_aES-MaACL _jA-3527 |
||
| 999 |
_c43741 _d43741 |
||